[Event "Lee Cup 3rd"]
[Site "Beijing"]
[Date "1996.??.??"]
[Round "2"]
[White "Tong, Yuanming"]
[Black "Atalik, Suat"]
[Result "1/2-1/2"]
[WhiteElo "2500"]
[BlackElo "2525"]
[Annotator "Atalik,S"]
[PlyCount "92"]
[EventDate "1996.08.??"]
[EventType "swiss"]
[EventRounds "11"]
[EventCountry "CHN"]
[SourceTitle "CBM 054 Extra"]
[Source "ChessBase"]
[SourceDate "1996.11.01"]
[SourceVersion "1"]
[SourceVersionDate "1996.11.01"]
[SourceQuality "1"]

1. e4 c5 2. Nf3 d6 3. d4 cxd4 4. Nxd4 Nf6 5. Nc3 Nc6 6. Bg5 e6 7. Qd2 a6 8.
O-O-O h6 9. Be3 Be7 10. f4 Qc7 11. Kb1 (11. Bd3 b5 $1 (11... Rb8 $5 {Ivanovic}
12. Qe1 $1 (12. h3 b5 13. g4 Nxd4 14. Bxd4 b4 $1 15. Ne2 e5 16. fxe5 (16. Be3
d5 (16... Nd7 17. Ng3 Nc5 18. Bc4 Bh4 $6 19. Nh5 g6 20. fxe5 $1 (20. Ng7+ Kf8
21. Qxd6+ Qxd6 22. Rxd6 Nxe4) (20. Qxd6 Qxd6 21. Rxd6 Nxe4 22. Rd5 O-O 23. Rxe5
Nd6) 20... dxe5 21. Ng7+ Kf8 (21... Ke7 22. Qd5 $5 Ne6 23. Nxe6 Bxe6 24. Qc5+
Qxc5 25. Bxc5+ Kf6 26. Rhf1+ Kg7 27. Bxe6 fxe6 28. Rd7+ $18) 22. Bxh6) 17. fxe5
Nxe4 18. Bxe4 dxe4 19. e6 Bxe6 20. Bf4 Qa5 $3 (20... Qb7 21. Bxb8 Qxb8 22. Qd4
$1 $16) 21. Bxb8 Qxa2 22. Qd4 (22. Qe3 O-O 23. Bf4 (23. Be5 Bg5 24. Bf4 Qa1+
25. Kd2 Rd8+) 23... Qa1+ 24. Kd2 Rd8+ 25. Nd4 Qxb2 $44) 22... O-O 23. Bf4 Rd8
24. Qxd8+ Bxd8 25. Rxd8+ Kh7 $40) 16... dxe5 17. Be3 Be6 18. Kb1 Nd7 19. Ng3 g6
$1 $13) 12... O-O (12... Bd7 13. Qg3 h5 $5) 13. Qg3 $40 (13. h3 b5 14. g4 Nxd4
15. Bxd4 b4 16. Ne2 e5 17. fxe5 dxe5 18. Qg3 Nd7) 13... Kh8) 12. Nxc6 (12. e5
dxe5 13. Nxc6 exf4 $5 14. Nxe7 fxe3 15. Qxe3 Qxe7 16. Ne4 Nd5) 12... Qxc6 13.
e5 dxe5 14. fxe5 b4) (11. Be2 Bd7 12. g4 Rc8 $5 (12... b5 13. g5 hxg5 14. fxg5
Nh5 15. Nxc6 Qxc6 $1 16. Bf3 $1 (16. a3 Rb8 $132) (16. Qd4 $140 Qc5) 16... Rc8)
13. g5 (13. h4 Nxd4 14. Bxd4 (14. Qxd4 e5 15. Qd3 Bxg4 16. Bxg4 Nxg4 17. Nd5
Qc4) 14... e5 15. Be3 Bxg4 16. Bxg4 Nxg4 17. Nd5 (17. h5 Nxe3 18. Qxe3 exf4)
17... Qc6 $15) 13... hxg5 14. fxg5 Nh5 {with the idea of 15...Ne5} 15. Nxc6
Bxc6 $1 {with the idea of 16...Qa5-e5} 16. Qd4 Qa5 $1 17. Bxh5 Rxh5 18. Qxg7
Bxg5 19. Qg8+ Ke7 20. Qxc8 Bxe3+ 21. Kb1 Bf4 $1 22. Rhf1 (22. Rhg1 Qd8 23.
Qxd8+ Kxd8 24. Rdf1 Bxh2 (24... e5 25. Rf2 Ke7 26. Rh1 f5 $44) 25. Rh1 Ke8 $1 (
25... Be8 26. Ne2)) (22. Rdg1 Qd8 23. Qxd8+ Kxd8 24. Rg8+ Ke7 25. h4 Be5 $44)
22... Be5 23. Qg8 Be8 $44) 11... b5 $1 12. Bd3 (12. Bxb5 $6 axb5 13. Ndxb5 Qa5
14. Nxd6+ Kf8 $17) 12... Bb7 13. Rhe1 O-O 14. Nf3 $146 (14. e5 dxe5 15. Nxc6 (
15. fxe5 Nxe5 16. Bf4 Nfd7 $1 17. Qe2 b4) 15... Bxc6 16. fxe5 b4 17. Ne2 Ne4
$17) (14. g4 Nxd4 15. Bxd4 e5 16. Bg1 $8 (16. fxe5 dxe5 17. Bg1 Bb4 18. Nxb5
Qa5 19. Nc3 Rac8 20. g5 Rxc3 21. gxf6 Rxd3 22. Qxd3 Bxe1 23. fxg7 Kxg7) 16...
Nxg4 17. h3 $1 Nf6 18. fxe5 (18. Bh2 b4) 18... dxe5 19. Bh2 Bb4 $8 20. Rg1 Bxc3
21. Qxh6 Ne8 22. bxc3 f6 $17 23. Rdf1 Bc8 $1) 14... Rad8 $1 {With the idea of
15...d5} 15. g4 $5 d5 $1 16. g5 (16. exd5 Nb4 $17) 16... Nxe4 17. Qg2 $8 hxg5
$5 (17... Nxc3+ $5 18. bxc3 g6 (18... h5 $2 19. g6 Bf6 20. Ng5 Ne7 21. gxf7+
Rxf7 22. Bh7+ Kh8 23. Nxf7+ Kxh7 24. Nxd8 Qxc3 25. Kc1 $18) 19. gxh6 Bf6 20.
Nd4 Ne7 $17) 18. Bxe4 (18. Nxe4 dxe4 19. Bxe4 gxf4) 18... dxe4 19. Nxg5 Bxg5
20. Qxg5 (20. fxg5 Ne7 $1 $17) 20... f6 $1 21. Qc5 f5 22. a3 Rxd1+ 23. Rxd1 Rd8
24. Rg1 Rd7 $1 (24... Qf7 25. Rg5 $1 e5 $140 $2 26. fxe5 f4 27. Nxe4 Rd1+ 28.
Bc1 $18) (24... Rd6 25. h4) 25. h4 Qd6 26. Qb6 Ne7 27. Qa5 e5 $1 28. fxe5 Qxe5
29. Rf1 Qf6 $1 30. h5 $8 (30. Bg5 Nc6 31. Qb6 (31. Bxf6 Nxa5 32. Bg5 Rf7) 31...
Qd4 $19 32. Qxd4 Nxd4 33. Be3 Nf3 $19) 30... Kh7 31. a4 Bc6 (31... Nd5 $2 32.
Nxe4) (31... bxa4 32. Qxa4 $8 (32. Nxa4 Nd5 33. Nc5 Nxe3 (33... Re7 34. Bc1 Bc6
35. Qxa6 f4 36. c4 Nc7 37. Qa3 e3 38. Qd3+ Kg8 39. Qd8+ Re8 40. Qxf6 gxf6 41.
Rxf4 e2 $19) 34. Nxd7 Qe7 $1 (34... Qd4 35. Qd8) (34... Qc6 35. Nf8+ Kg8 36.
Qa2+ Kxf8 37. Qa3+) 35. Re1 Qxd7 36. Rxe3 Qd1+ 37. Ka2 Bd5+ $19) 32... Qc6 33.
Qb3 Nd5 34. Bd4 Nxc3+ 35. Bxc3 e3 $19) 32. axb5 (32. Qxa6 bxa4 33. Nxa4 Nd5 34.
Bg5 Qxg5 35. Qxc6 Ne3 36. Qxd7 Nxf1 $19) 32... axb5 33. Qb6 $2 (33. Nxb5 Rd5
34. c4 Rd3 (34... Bxb5 35. cxb5 Qe5 36. Bf4 Qd4) 35. Bc1 e3 $19) 33... Rb7 34.
Qc5 b4 35. Ne2 Bb5 36. Bd4 Qe6 37. Rg1 (37. Nf4 Qc4 38. Qxc4 Bxc4 39. Rg1 Nc6
$19) 37... Nd5 $4 (37... Bxe2 38. Rxg7+ Kh6 39. Be5 Qb6 $1 $8 (39... f4 40. Qd4
Qf5 (40... Nf5 41. Bxf4+ Kxh5 42. Rg5+) 41. Qd8 $1 (41. Qd6+ Kxh5 42. Bxf4 Ng6
43. Rxb7 Nxf4 $13) 41... Ng6 42. Rxg6+ Kxh5 43. Rf6 $1 Qxe5 44. Qh8+ Kg5 45.
Rg6+ Kxg6 46. Qxe5 $18) 40. Qxb6+ Rxb6 41. Rxe7 Kxh5 $19) 38. Ng3 $2 (38. Qf8
Nf6 39. h6 $18) 38... b3 $1 (38... f4 39. Qf8 Rf7 40. Nxe4 Rxf8 (40... Qxe4 $4
41. Rxg7+ $18) 41. Ng5+ Kh6 42. Nxe6 Rf6 $3 43. Bxf6 (43. Nxg7 Ra6 $8) 43...
gxf6 44. Rg6+ Kxh5 45. Nxf4+ $1 Nxf4 46. Rxf6 Kg4 47. Rb6 Be8 48. Rxb4 Kf5 $16)
39. c4 Bxc4 40. Qxc4 Rb4 41. Qf1 $5 (41. Qc5 Qa6 42. Nxf5 Qd3+ 43. Ka1 Ra4+ 44.
Qa3 Rxa3+ 45. bxa3 Nf6 (45... b2+ 46. Kxb2 $1 Qb5+ 47. Ka1 Nf6) 46. Rxg7+ Kh8
47. Rg1 Qa6 48. Bb2 Kh7 $1 49. Rg7+ $10) 41... Rxd4 42. Nxf5 Rd2 43. Rxg7+ Kh8
44. Qg1 {with the idea of 45.Rh7!} (44. Rg6 $2 Qxf5 45. Rh6+ Kg7 46. Rg6+ Kh7
$19) 44... Qf6 $8 45. Rg8+ Kh7 46. Rg7+ Kh8 1/2-1/2

[Event "Tan Chin Nam Cup 2nd"]
[Site "Beijing"]
[Date "1996.??.??"]
[Round "4"]
[White "Wang, Zili"]
[Black "Atalik, Suat"]
[Result "1/2-1/2"]
[WhiteElo "2535"]
[BlackElo "2525"]
[Annotator "Atalik,S"]
[PlyCount "88"]
[EventDate "1996.08.??"]
[EventType "tourn"]
[EventRounds "9"]
[EventCountry "CHN"]
[EventCategory "10"]
[SourceTitle "CBM 055"]
[Source "ChessBase"]
[SourceDate "1996.12.01"]
[SourceVersion "1"]
[SourceVersionDate "1996.12.01"]
[SourceQuality "1"]

1. e4 c5 2. Nf3 d6 3. d4 cxd4 4. Nxd4 Nf6 5. Nc3 Nc6 6. Bg5 e6 7. Qd2 a6 8.
O-O-O h6 9. Be3 Be7 10. f4 Nxd4 11. Bxd4 b5 12. Bd3 b4 13. Na4 Rb8 14. e5 dxe5
15. Bxe5 Bd7 16. f5 Bxa4 (16... Nd5 $5 17. h4 $1 (17. Kb1 Bxa4 (17... O-O $6
18. fxe6 fxe6 19. Bxb8 Qxb8 20. Qe1 Qd6 21. Qe4 Rf6 22. Qh7+ Kf8 23. Bg6 (23.
Qh8+ Kf7 24. Bh7 Bf8 25. c4 Bxa4) 23... Rxg6 24. Qxg6 Bxa4 $13) 18. Bxg7 (18.
fxe6 Nc3+ 19. Ka1 Nxd1 20. Bxg7 Bf6 21. Bxh8 Bxh8 22. Qxh6 Qd4 23. exf7+ Kd7
24. Bf5+ Kc7 $19) 18... Bg5 19. Qe1 Bf6 20. Bxh8 Bxh8 21. fxe6 $140 Qf6 $19)
17... Bxa4 (17... O-O 18. fxe6 fxe6 19. Bxb8 Qxb8 20. Qe1 Qd6 21. Qe4 Rf6 22.
Qh7+ Kf8 $13) 18. fxe6 fxe6 19. Bg6+ (19. Bxg7 $6 Kd7 20. Bxh8 Qxh8 21. Bf5 Bc6
) 19... Kd7 20. Bxb8 Qxb8 21. Bf7 $1 Kc7 22. Bxe6 Nf6 $13) 17. fxe6 Rc8 18.
exf7+ Kxf7 19. Qf4 Qb6 20. Bc4+ Kf8 (20... Rxc4 21. Qxc4+ Qe6 22. Qxe6+ Kxe6
23. Rhe1 Kf5 (23... Kf7 24. Bd6 (24. b3 Bc6) 24... Re8 $1 25. Bxe7 Rxe7 26.
Rxe7+ Kxe7 27. Rd4 a5 28. c4 Bc6) 24. Bd6 Bxd6 25. Rxd6 Rc8 26. b3 Bc6 27. Re7
Be4 28. Rd2 Kg6 (28... Ng4 29. Rxg7) 29. Re6 a5 30. Re5 Ra8) 21. Rhe1 (21. Rd4
Bb5 (21... Rxc4 22. Rxc4 Kf7 23. Rc7 Re8 $13) (21... Be8 22. Re1 (22. Qf5 Qc6)
(22. Bd6 Bxd6 23. Rxd6 Rxc4) (22. Bd6 Bxd6 23. Rxd6 Rxc4) 22... Bf7) 22. Bb3
Be8 23. Re1 (23. Qf5 Rc5 (23... Qc6 24. Bd5 Bd7 25. Qf2 Qb6)) (23. Bd6 Bxd6 $2
(23... Bf7) 24. Rxd6 Rc6 25. Rxc6 $18) (23. Rd6 Rc6) 23... Bf7) 21... g5 $1
$146 {21...Rc6? Peng,X(2490)-Atalik,S Beijing(Tan Chin Nam) 1996} (21... Qc6
22. b3 Bb5 23. Rd6 $18) 22. Qf1 $1 (22. Qf5 Rxc4 23. Bd6 Rxc2+ 24. Kb1 Qf2 $1
25. Bxe7+ Kf7 26. Qe6+ Kg6 27. Rf1 Rxb2+ 28. Ka1 Re2 29. Qc4 Bb5 (29... Rxa2+
30. Qxa2 Qxa2+ 31. Kxa2 Bxd1 32. Rxf6+ Kh5 33. Bxb4 Re8 34. Bf8 Re2+ 35. Ka3
Rxg2 36. Rxh6+ Kg4 37. Rxa6 $10) 30. Rxf2 Bxc4 31. Rxf6+ Kh5 32. Rd4 Bxa2 33.
Bxb4 Rxg2 34. Rxa6 Rc8) 22... Kg7 23. Bd4 $1 (23. Bxf6+ $2 Qxf6 24. Re6 Qxf1
25. Rxe7+ Kf8) (23. Rd6 $2 Qxd6 24. Bxd6 Bxd6 25. Re6 Bf4+ 26. Kb1 Rhe8 27.
Rxf6 Kxf6 28. b3 Rxc4) 23... Qc7 24. Re6 $6 (24. Qf5 Rhd8 25. Bd3 Rxd4 26. Qg6+
Kf8 27. Qxh6+ Kg8 $10) (24. b3 Bb5 25. Rxe7+ $1 Qxe7 26. Bxb5 Rhd8 $1 (26...
axb5 27. Bxf6+ Qxf6 28. Rd7+ Kg6 29. Qd3+ Kh5 30. Qd1+ Kg6 31. Rd6 $16) 27. Bd7
$3 {Miles,with the idea of 27.Re1-e6} (27. Bxa6 Rxd4 28. Rxd4 Qe3+ 29. Rd2 (29.
Kb1 Qxd4 30. Bxc8 Ne4 $44) 29... Rxc2+ 30. Kxc2 Qc3+ 31. Kd1 (31. Kb1 Qxd2 $44)
31... Qa1+ 32. Ke2 Qe5+ $10) 27... Rc6 $1 $8 (27... Rc7 28. Re1 $1 Qf7 (28...
Qd6 29. Be5 Qxd7 30. Qxf6+ Kh7 31. Bxc7 $18) 29. Re6 Rdxd7 30. Rxf6 Rxd4 31.
Rxf7+ Rxf7 32. Qxa6 $16) 28. Bxc6 Rxd4 29. Rxd4 Qe3+ 30. Rd2 Qc3 31. Kd1 Qa1+
32. Ke2 Qe5+ 33. Be4 $1 $18) 24... Rhf8 25. Qf5 $5 Bxc2 $2 (25... Bb5 26. Bxb5
axb5 27. Be5 $1 (27. Bxf6+ $2 Rxf6 $1 (27... Bxf6 28. Rxf6 Qxc2+ 29. Qxc2 Rxc2+
30. Kxc2 Rxf6 31. Rd2) 28. Rxf6 Qxc2+ $19) 27... Qa7 28. Rxe7+ Qxe7 29. Rd7
Qxd7 30. Qxd7+ $18) (25... Rce8 26. b3 Bb5 27. Bxb5 axb5 28. Bxf6+ Bxf6 29.
Rxf6 Rxf6 30. Rd7+) (25... Bd8 $1 26. b3 Qf4+ 27. Qxf4 gxf4 28. Bxa6 (28. Be5
Bb5 29. Bxb5 axb5 30. Rdd6 Rc5 31. Bxf4 Rf5 32. Be5 Kf7) 28... Rc6 29. Bc4 Rxe6
30. Bxe6 Bc6 $19) 26. Kxc2 $2 (26. Qxc2 Qxc4 27. Rxe7+ Rf7 28. Bxf6+ $1 (28.
Rxf7+ Kxf7 29. Qxc4+ Rxc4+ 30. Kb1 Nd5 $17 31. b3 Rc6 32. Bb2 (32. Rf1+ Kg6 33.
Re1 Nf4 34. g3 Ne6 35. Bb2 g4 36. Re4 Kh5 37. Rxb4 Ng5 38. Rf4 Nf3 39. h4 gxh3
40. Rxf3 h2 41. Rf1 Kg4 42. Rd1 Re6) 32... Rd6) 28... Kxf6 29. Rxf7+ Kxf7 30.
Qxc4+ Rxc4+ 31. Kd2 $10) 26... Qxc4+ 27. Kb1 Rc7 $2 (27... Rce8 $1 $19 28. Qe4
Kf7 $1) 28. Be5 Rf7 $6 $36 (28... Qc5 29. Bxf6+ Rxf6 30. Rxf6 Bxf6 31. Rd7+ Be7
32. Qxc5 Rxc5 33. Rxe7+ Kf6 34. Ra7 a5) 29. Rf1 $6 (29. Bxc7 Qxc7 30. g3 $40 a5
31. Rf1 Bd8) 29... Rd7 $1 30. Bxf6+ (30. Rxe7 $2 Rdxe7 31. Bxf6+ Kg8 32. Qg6+
Rg7 $19) 30... Bxf6 31. Rxf6 Qxf1+ 32. Qxf1 Rxf6 33. Qe1 $1 a5 (33... Rc7 34.
Qe5) 34. Qe8 $1 Rdf7 (34... Rf1+ 35. Kc2 Rf2+ 36. Kb3 Rdd2 37. Qe7+ $10) (34...
Rfd6 35. Qe5+) 35. Kc2 Rf5 (35... a4 36. Qxa4 Rf2+ 37. Kb3 Rxg2 38. Qa5 Rff2
39. Qe5+ Kf7 40. Qd5+ Kf6 41. Qd6+ Kf5 42. Qd5+ Kg4 43. Qe4+ Kh3 44. Qe6+ Kxh2
45. Qxh6+ Kg1 46. Qb6 Kf1 47. Qb5+ Re2 48. Kxb4 $10) 36. Kb3 g4 37. Qe4 h5 38.
Ka4 $10 Kf6 39. Qd4+ Ke6 40. Qe4+ Kf6 (40... Re5 41. Qg6+ Rf6 42. Qe8+ Kd5 43.
Qd8+ Ke6 $10) 41. Qd4+ Kg6 42. Qe4 Kg7 43. Qd4+ Kg6 44. Qe4 Kg7 1/2-1/2

[Event "Chesswise int op"]
[Site "Stratton Mountain"]
[Date "2000.07.13"]
[Round "5"]
[White "Sadvakasov, Darmen"]
[Black "Atalik, Suat"]
[Result "1/2-1/2"]
[WhiteElo "2509"]
[BlackElo "2549"]
[Annotator "Atalik,S"]
[PlyCount "103"]
[EventDate "2000.07.10"]
[EventType "swiss"]
[EventRounds "9"]
[EventCountry "USA"]
[SourceTitle "CBM 078"]
[Source "ChessBase"]
[SourceDate "2000.10.18"]
[SourceVersion "1"]
[SourceVersionDate "2000.10.18"]
[SourceQuality "1"]

1. e4 c5 2. Nf3 d6 3. d4 cxd4 4. Nxd4 Nf6 5. Nc3 Nc6 6. Bg5 e6 7. Qd2 a6 8.
O-O-O h6 {An old flame of mine.} 9. Bf4 (9. Nxc6 bxc6 10. Bf4 d5 11. Qe3 Be7
12. Be2 O-O $13) 9... Bd7 10. Nxc6 Bxc6 11. Qe1 Be7 12. h4 $5 (12. e5 Nh5 13.
Be3 Qc7 14. Be2 g6 {is more or less equal.}) 12... Qc7 13. f3 b5 14. Bd3 $1 (
14. g4 $2 b4 15. Nb1 (15. Ne2 e5 16. Be3 (16. Bd2 Rc8) 16... Nxg4) 15... e5)
14... Nd7 $5 $146 15. Qg3 g6 $1 (15... b4 16. Ne2 e5 $2 17. Bd2) (15... e5 16.
Be3 Nf6 17. h5 (17. Qxg7 $4 Rg8 18. Qxh6 Rg6 19. Qh8+ Kd7 $19) 17... b4 18. Ne2
) 16. Kb1 b4 17. Ne2 e5 18. Be3 Nf6 19. h5 $1 {Some serious counterplay by
Darmen.} Nxh5 20. Qf2 (20. Rxh5 gxh5 21. Qg7 O-O-O 22. Bxa6+ Kb8 23. Qxf7 Bg5
24. Qxc7+ Kxc7 $17) 20... a5 $2 (20... Bf8 $1 21. g4 Nf6 22. g5 Nh5 23. gxh6 (
23. f4 $2 hxg5 24. fxg5 d5 $17) 23... Bxh6 24. Bxh6 Rxh6 25. f4 Bb7 $15) 21. g4
Nf6 22. Bxh6 d5 23. Ng3 (23. Bg7 Rxh1 24. Rxh1 dxe4 $5 (24... O-O-O) 25. fxe4
Nxe4 26. Rh8+ Kd7 27. Qxf7 Rxh8 28. Bxh8 Qd6 $36) 23... O-O-O (23... dxe4 24.
Nxe4 Nd5 {looks risky.}) 24. Be3 $1 d4 25. Bd2 Kb7 26. Qe2 Nd7 27. Bc4 f6 (
27... Bh4 28. Rxh4 Rxh4 29. Bxf7 $44 (29. Bg5 Rh3)) 28. Bf7 g5 29. Bc4 Nb6 30.
Ba6+ Ka7 31. Nf5 Bc5 {A sad necessity.} (31... Na4 $2 32. Bb5 Nc3+ 33. Bxc3 $1
$18) 32. b3 $1 $14 Nc8 33. Bc4 (33. Qc4 Bd7 34. Bxc8 Bxc8) (33. Bxc8 $2 d3 $1
34. cxd3 Rxh1 35. Rxh1 Bb5 $40) 33... Nd6 34. Nxd6 Bxd6 35. Qg2 Qg7 36. Rh5
Rdf8 37. Rdh1 Be8 38. R5h3 Kb6 39. Qh2 Rxh3 40. Qxh3 a4 41. Qh7 (41. Qh6 Qxh6
42. Rxh6 a3 $5 (42... Kc5 $11) 43. Bxg5 fxg5 44. Rxd6+ Kc7 45. Re6 Bc6 46. Rxe5
Rxf3 47. Kc1 Rf4 48. Rxg5 Bxe4 $44) 41... Qxh7 42. Rxh7 a3 $11 43. Kc1 Bc6 44.
Kd1 Bc5 45. Ke2 Rd8 46. Rh6 Rd6 47. Rg6 Kc7 48. Rh6 Kb6 49. Rh8 Kc7 50. Kd3 Bd7
51. Rh7 Kb6 52. Ke2 1/2-1/2

[Event "Hoogovens-B"]
[Site "Wijk aan Zee"]
[Date "1997.01.21"]
[Round "1"]
[White "David, Alberto"]
[Black "Atalik, Suat"]
[Result "0-1"]
[WhiteElo "2455"]
[BlackElo "2555"]
[Annotator "Atalik,S"]
[PlyCount "72"]
[EventDate "1997.01.21"]
[EventType "tourn"]
[EventRounds "11"]
[EventCountry "NED"]
[EventCategory "10"]
[SourceTitle "CBM 057"]
[Source "ChessBase"]
[SourceDate "1997.04.01"]
[SourceVersion "1"]
[SourceVersionDate "1997.04.01"]
[SourceQuality "1"]

1. e4 c5 2. Nf3 d6 3. d4 cxd4 4. Nxd4 Nf6 5. Nc3 Nc6 6. Bg5 e6 7. Qd2 a6 8.
O-O-O h6 9. Be3 Be7 10. f4 Qc7 {Bu benim son zamanlarda uygulamaya basladigim
bir varyant.10...Ad4 11.Fd4 b5 son derece ilginc komplikasyonlara yol acar.}
11. Bd3 {Bu hamle bence siyahlar icin yeterince tehlike arzetmiyor.} (11. Be2
Nxd4 (11... Bd7 12. Kb1 Rc8 13. g4 b5 14. g5 hxg5 15. fxg5 Nh5 16. Nxc6 Qxc6 $1
{da siyah icin normaldir.}) (11... Rb8 {Bu hamleyi ABD de Ron Burnett a karsi
oynamistim.} 12. e5 dxe5 13. fxe5 Nxe5 14. Bf4 $40) 12. Bxd4 e5 13. Be3 Be6 {
Siyahlar icin normaldir.}) 11... b5 12. Kb1 {Oyun Tong Yuanming le Pekin(open)
da oynadigimiz konuma donustu.} Bb7 13. h3 $6 $146 (13. Rhe1 {e4 erini tutmayi
saglar.Fakat beyazlar bu devamyolunda g hattindan uzaklasirlar.}) 13... b4 14.
Na4 (14. Nce2 Nxd4 15. Bxd4 Nxe4 16. Bxe4 (16. Qe3 Nf6) 16... Bxe4 17. Bxg7 Rg8
$40) 14... Nxd4 15. Bxd4 Nxe4 16. Qxb4 O-O 17. Qe1 (17. Bxg7 $4 Kxg7 18. Bxe4
d5 19. Qc3+ Qxc3 20. Nxc3 dxe4 21. Rd7 Bc6 22. Rxe7 Rfc8 23. f5 Kf6 $19) 17...
f5 18. g4 d5 19. Rg1 Bf6 20. Bxf6 Rxf6 21. g5 Rg6 22. gxh6 (22. Qh4 hxg5 23.
fxg5 e5 $15) 22... Rxh6 23. Qe3 Kh7 $6 (23... Rc8 {Bu hamle Aa4 un
hareketlerini kisitlardi.} 24. Qd4 $2 Rxh3 25. Rg6 Rxd3 $1 26. Qxd3 Nf2 $17) (
23... Bc6 24. Bxe4 Bxa4 25. Bd3 Bb5 $13) 24. Bxe4 fxe4 (24... dxe4 25. Nc5 $1 (
25. Nb6 Rd8 26. Rxd8 Qxd8) 25... Bc6 26. Rg5 $40) 25. Rg5 Rf8 26. Rdg1 g6 27.
Re5 $1 $16 {Taraflar zeitnottayken beyazlar iyi bir hamleyle ustunluk elde
ediyorlar.} Bc8 28. Nb6 $1 Qc6 29. c4 dxc4 30. Rc1 Bb7 31. Rxc4 Qe8 32. Rc7+
Rf7 33. Rec5 Rh5 34. Rxh5+ $2 (34. Nc4 Rd5 35. Ne5 {kolayca kazanirdi.}) 34...
gxh5 35. Rxb7 $4 {[#]Beyazlar yanlis fikre devam ederek pozisyondaki tek
tuzaga dusuyorlar.} Rxb7 36. Qxe4+ Qg6 0-1

[Event "SCG-ch 2nd"]
[Site "Pancevo"]
[Date "2006.03.02"]
[Round "4"]
[White "Kontic, Djordjije"]
[Black "Damljanovic, Branko"]
[Result "0-1"]
[WhiteElo "2355"]
[BlackElo "2615"]
[Annotator "Atlas,V"]
[PlyCount "80"]
[EventDate "2006.02.27"]
[EventType "tourn"]
[EventRounds "13"]
[EventCountry "YUG"]
[EventCategory "11"]
[SourceTitle "CBM 112"]
[Source "ChessBase"]
[SourceDate "2006.06.07"]
[SourceVersion "1"]
[SourceVersionDate "2006.06.07"]
[SourceQuality "1"]

1. e4 c5 2. Nc3 Nc6 3. Nge2 d6 4. d4 cxd4 5. Nxd4 Nf6 6. Bg5 e6 7. Qd2 Be7 8.
O-O-O O-O 9. Kb1 a6 10. f4 Nxd4 11. Qxd4 b5 12. Bxf6 Bxf6 13. Qxd6 Qxd6 14.
Rxd6 Bb7 15. Bd3 g5 16. f5 (16. fxg5 {is strongly met by} Be5 17. Rb6 (17. Rd7
Bc6 18. Re7 Bd6) 17... Rab8 {, winning an exchange.}) 16... Rad8 17. Rb6 Bc8
18. g4 Bd4 19. Rc6 Rfe8 20. h4 $6 (20. Ne2 {deserved here serious attention.})
20... exf5 21. gxf5 g4 22. h5 Kh8 23. Ne2 Bb7 24. Nxd4 Rxd4 25. Rc7 Bxe4 26.
Re1 $2 ({This mistake is severely punished by Black. Essential was} 26. Rg1) {
[%tqu "En","White's last move was very careless. How can Black take advantage
of it?","Exploit the shaky position of White's e1-rook.","Use your d4-rook for
the decisive blow.","d4d3","After this blow the ending is hopeless for White.",
4]} 26... Rxd3 $1 {[%csl Re1,Ge4,Ge8] This elegant rook move yields Black a
decisive advantage.} 27. cxd3 ({Or} 27. Rxe4 Rd1#) 27... Bxd3+ 28. Kc1 Rxe1+
29. Kd2 Re8 (29... Rf1 $4 {loses to} 30. h6 $1 Bxf5 31. Re7 $1 {, and mate is
inevitable.}) (29... Rh1 {was another winning continuation:} 30. Kxd3 Kg7 31.
Ke4 Rxh5 32. Kf4 g3) 30. Kxd3 Kg7 {The rook ending is hopeless for White.} 31.
Rc6 f6 32. Rxa6 Re5 33. h6+ Kxh6 34. Rxf6+ Kg7 35. Rb6 g3 36. Rb7+ Kf6 37. Rc7
Rxf5 38. Ke4 g2 39. Rc6+ Kg5 40. Rc7 Rf6 0-1

[Event "Asia-ch"]
[Site "Kolkata"]
[Date "2001.08.12"]
[Round "4"]
[White "Nolte, Rolando"]
[Black "Annageldyev, Orazly"]
[Result "0-1"]
[WhiteElo "2324"]
[BlackElo "2485"]
[Annotator "Atlas,V"]
[PlyCount "74"]
[EventDate "2001.08.09"]
[EventType "swiss"]
[EventRounds "11"]
[EventCountry "IND"]
[SourceTitle "CBM 085"]
[Source "ChessBase"]
[SourceDate "2001.11.13"]
[SourceVersion "1"]
[SourceVersionDate "2001.11.13"]
[SourceQuality "1"]

1. e4 c5 2. Nf3 Nc6 3. d4 cxd4 4. Nxd4 Nf6 5. Nc3 d6 6. Bg5 e6 7. Qd2 a6 8.
O-O-O h6 9. Be3 Bd7 10. f4 b5 11. Bd3 Qc7 12. Kb1 Na5 13. Qe1 b4 14. Nce2 e5
15. Nf3 Nc4 16. Bc1 Rc8 17. h3 Bb5 18. g4 Be7 19. Ng3 g6 20. f5 g5 21. h4 gxh4
22. Rxh4 Rg8 23. Bxh6 $2 {A dubious decision. Black can now effectively
exploit the absence of White's dark-squared bishop on the queenside.} Nxg4 24.
Rh1 Nxh6 25. Rxh6 Rxg3 $1 {An excellent move, deflecting the white queen and
destroying White's defense.} 26. Rh8+ Bf8 27. Qxg3 {[%tqu "En","Both kings are
not safe, but Black can strike first. How?","Use the tension on the c-file.",
"Use your knight to destroy White's queenside.","c4a3","After this move
White's king is doomed.",5]} Na3+ $1 {[%csl Rb1,Rc2,Rd3][%cal Gc8c2,Gb5d3] An
impressive knight thrust, yielding Black an irresistible attack.} 28. Ka1 ({Or
} 28. bxa3 Bxd3 {, with an irresistible attack.}) 28... Bxd3 29. Ne1 Nxc2+ 30.
Nxc2 Qxc2 31. Qg1 (31. Qxd3 {falls short of} Qxd3 32. Rxd3 Rc1#) 31... Bxe4 32.
f6 Bd5 33. Rh4 a5 34. Rh2 Qc4 35. b3 Qc3+ 36. Rb2 Be4 37. Re1 Bg6 0-1

[Event "Smartchess.com 2nd"]
[Site "New York"]
[Date "2001.10.11"]
[Round "5"]
[White "Shahade, Gregory P"]
[Black "Perelshteyn, Eugene"]
[Result "1-0"]
[WhiteElo "2455"]
[BlackElo "2436"]
[Annotator "Atlas,V"]
[PlyCount "65"]
[EventDate "2001.10.07"]
[EventType "tourn"]
[EventRounds "9"]
[EventCountry "USA"]
[EventCategory "10"]
[SourceTitle "CBM 086"]
[Source "ChessBase"]
[SourceDate "2002.02.05"]
[SourceVersion "1"]
[SourceVersionDate "2002.02.05"]
[SourceQuality "1"]

1. e4 c5 2. Nf3 d6 3. d4 cxd4 4. Nxd4 Nf6 5. Nc3 Nc6 6. Bg5 e6 7. Qd2 a6 8.
O-O-O h6 9. Be3 Be7 10. f3 Nxd4 11. Bxd4 e5 12. Be3 Be6 13. Kb1 Rc8 14. h4 Qa5
15. a3 b5 16. g4 Rb8 17. Be2 b4 18. Nd5 Bxd5 19. exd5 Qa4 20. b3 Qxa3 21. g5
Nh5 22. Rdg1 Qa5 23. f4 Nxf4 24. Bxf4 exf4 25. Qxf4 h5 26. Re1 Rb7 27. Bxh5 $1
{An excellent move, yielding White a large advantage.} O-O (27... Rxh5 {
is refuted by} 28. Qg4 $1 {/\Qc8+}) 28. Rhf1 g6 29. Bg4 Rc7 30. Qe4 Qc5 31. h5
$1 {Launching the decisive phase of attack on the black king.} Kg7 32. hxg6
fxg6 {[%tqu "En","White has been energetically punishing Black's mistakes. How
would you finish White's attack?","Try to eliminate the defenders of the black
king.","Sacrifice your queen to destroy Black's shaky defensive construction!",
"e4e7","This is a very nice and efficient strike.",4]} 33. Qxe7+ $1 {[%csl Rf8,
Rg7][%cal Gf1f8,Ge1e7,Gg4e6] The final blow!} (33. Qxe7+ {, and mate is
inevitable:} Rxe7 34. Rxe7+ Kg8 (34... Rf7 35. Rexf7+ Kg8 36. Rf8+ Kg7 37.
R1f7#) 35. Be6+ Rf7 36. Re8+ Kg7 37. Rxf7#) 1-0